000 00298cam a2200121ua 4500
082 _a630
_bOJH/AG
100 _aOjha, T.P.
_91660
245 _aAgricultural Engineering /
260 _aThrissur :
_bCurrent Books ,
_c1986.
300 _a638 ; .
650 _aAgricultural Engineering
_9115
942 _cBK
999 _c185
_d185